La estabilidad macroeconómica no es suficiente

Shranjeno v:
Bibliografske podrobnosti
Format: Texto
Teme:
Oznake: Označite
Brez oznak, prvi označite!

MARC

LEADER 00000 a a2200000 04500
001 6864
003
040
245 |a La estabilidad macroeconómica no es suficiente  
650 |a DEUDA  
650 |a INGRESOS  
650 |a CRECIMIENTO ECONOMICO  
650 |a ECONOMIA  
650 |a EL SALVADOR  
773 |g volumen 28, número 1257; páginas 6-7  
999 |c 36847  |d 36847